[Event "TCh-RUS HL 2022"]
[Site "Sochi RUS"]
[Date "2022.05.10"]
[Round "9.3"]
[Board "2"]
[White "Gurvich, Vitaly"]
[Black "Averin, Nikolay"]
[Result "1/2-1/2"]
[WhiteTitle "FM"]
[WhiteElo "2264"]
[BlackElo "2427"]
[WhiteTeam "Severnyy kharakter - 2 (g. Moskva)"]
[BlackTeam "Shkola im. M.M. Botvinnika (g. Moskva)"]
[WhiteFideId "24164852"]
[BlackFideId "24250473"]
[EventDate "2022.05.01"]

1. d4 d5 2. c4 e6 3. Nc3 Nf6 4. Bg5 Be7 5. e3 Nbd7 6. Nf3 O-O 7. Bd3 dxc4 8.
Bxc4 c5 9. O-O a6 10. a4 cxd4 11. exd4 Nb6 12. Bb3 Bd7 13. a5 Nbd5 14. Bxd5 Nxd5
15. Nxd5 exd5 16. Bxe7 Qxe7 17. Qb3 Qd6 18. Rfe1 Bb5 19. Re5 Bc4 20. Qe3 Qb4 21.
Nh4 Qxb2 22. Re1 Qb3 23. Qf4 Bd3 24. h3 Qb4 25. Qe3 Be4 26. Rc1 f6 27. Re6 Rae8
28. Rb6 Qxa5 29. Rxb7 Rf7 30. Rxf7 Kxf7 31. Re1 Kg8 32. Qc1 Qb5 33. Qc7 g5 34.
Nf3 Bxf3 35. Rxe8+ Qxe8 36. gxf3 Qa8 37. Qe7 Qf8 38. Qe6+ Qf7 39. Qxa6 Kg7 40.
Kg2 Qd7 41. Qb6 Kg6 42. Qc5 Kg7 43. Qc2 Qa7 44. Qd3 Kh6 45. Qe3 1/2-1/2

[Event "TCh-RUS HL 2022"]
[Site "Sochi RUS"]
[Date "2022.05.10"]
[Round "9.3"]
[Board "3"]
[White "Zverev, Lev"]
[Black "Arbuzov, Mikhail"]
[Result "1-0"]
[WhiteTitle "CM"]
[WhiteElo "2117"]
[BlackElo "2181"]
[WhiteTeam "Shkola im. M.M. Botvinnika (g. Moskva)"]
[BlackTeam "Severnyy kharakter - 2 (g. Moskva)"]
[WhiteFideId "24250775"]
[BlackFideId "34105244"]
[EventDate "2022.05.01"]

1. e4 c6 2. d4 d5 3. e5 Bf5 4. Nf3 e6 5. Be2 Nd7 6. O-O a6 7. Nbd2 c5 8. c4 Ne7
9. cxd5 Nxd5 10. Nc4 b5 11. Ne3 Be4 12. a4 b4 13. Nc4 Be7 14. Bg5 O-O 15. Bxe7
Nxe7 16. Nd6 Bd5 17. dxc5 Nxc5 18. Rc1 Ne4 19. Nc4 Ng6 20. Ne3 Nf4 21. Nxd5 exd5
22. g3 Ne6 23. Nd4 Qd7 24. Nc6 N4c5 25. Nxb4 d4 26. b3 Qb7 27. Rc4 Rac8 28. Bf3
Qb6 29. Nd5 Qb8 30. Ne7+ Kh8 31. Nxc8 Rxc8 32. Bd5 Rd8 33. Bxe6 Nxe6 34. f4 d3
35. Rf2 Qb6 36. b4 h6 37. Qd2 Qb7 38. h4 Qd5 39. Rc3 Qd4 40. f5 Nf8 41. Kg2 Qxb4
42. Rxd3 Qe4+ 43. Rff3 Rc8 44. Kh3 Qxe5 45. Rd8 Qc7 46. Rfd3 Kh7 47. Kh2 Rxd8
48. Rxd8 Qe7 49. Kh3 g6 50. f6 Qa3 51. a5 Ne6 52. Qxh6+ Kxh6 53. Rh8# 1-0

[Event "TCh-RUS HL 2022"]
[Site "Sochi RUS"]
[Date "2022.05.10"]
[Round "9.3"]
[Board "4"]
[White "Lupolov, Boris"]
[Black "Yudin, Ivan"]
[Result "1/2-1/2"]
[BlackTitle "FM"]
[WhiteElo "1988"]
[BlackElo "2303"]
[WhiteTeam "Severnyy kharakter - 2 (g. Moskva)"]
[BlackTeam "Shkola im. M.M. Botvinnika (g. Moskva)"]
[WhiteFideId "44130457"]
[BlackFideId "4198751"]
[EventDate "2022.05.01"]

1. d4 Nf6 2. c4 g6 3. Nc3 Bg7 4. e4 d6 5. f3 O-O 6. Be3 c5 7. Nge2 Nc6 8. Qd2
Qa5 9. Rd1 a6 10. dxc5 dxc5 11. Nd5 Qxd2+ 12. Rxd2 Nd7 13. f4 e6 14. Ndc3 e5 15.
g3 Nd4 16. Bg2 b5 17. cxb5 axb5 18. b3 Ra5 19. O-O Ba6 20. b4 Ra3 21. Bxd4 exd4
22. Nb1 Ra4 23. bxc5 Nxc5 24. e5 b4 25. Rc1 b3 26. a3 d3 27. Rxc5 dxe2 28. Kf2
Rc4 29. Rxc4 Bxc4 30. Bd5 Ba6 31. Nc3 Rc8 32. Nxe2 Rc2 33. Rxc2 bxc2 34. Nc1 Bf8
35. Ke1 Bc5 36. Kd2 Bg1 37. h3 Bh2 38. e6 fxe6 39. Bxe6+ Kg7 40. Kxc2 Bxg3 41.
Nd3 Kf6 1/2-1/2

[Event "TCh-RUS HL 2022"]
[Site "Sochi RUS"]
[Date "2022.05.10"]
[Round "9.4"]
[Board "1"]
[White "Shomoev, Anton"]
[Black "Muromtsev, Arthur"]
[Result "1-0"]
[WhiteTitle "GM"]
[BlackTitle "FM"]
[WhiteElo "2576"]
[BlackElo "2129"]
[WhiteTeam "Yuzhnyy Ural - 2 (Chelyabinskaya oblast)"]
[BlackTeam "ChESSPSh_RU - Polina (g. Moskva)"]
[WhiteFideId "4135148"]
[BlackFideId "4177002"]
[EventDate "2022.05.01"]

1. e4 e5 2. Nf3 Nc6 3. Bb5 a6 4. Ba4 Nf6 5. O-O b5 6. Bb3 Bb7 7. d3 Bc5 8. a4 d6
9. Nc3 b4 10. Ne2 h6 11. Ng3 Ne7 12. c3 O-O 13. d4 exd4 14. cxd4 Ba7 15. Re1 d5
16. e5 Ne4 17. Bc2 c5 18. dxc5 Bxc5 19. Be3 Rc8 20. Nxe4 dxe4 21. Bxc5 Rxc5 22.
Bxe4 Bxe4 23. Rxe4 Qxd1+ 24. Rxd1 Nc6 25. e6 Re8 26. exf7+ Kxf7 27. Rxe8 Kxe8
28. Kf1 Rc2 29. Rd2 b3 30. Ke2 Rc4 31. Kd3 Rxa4 32. Kc3 Rg4 33. g3 Re4 34. Kxb3
g5 35. Rd6 Na5+ 36. Kc3 Rc4+ 37. Kd3 Rc6 38. Rxc6 Nxc6 39. Ke4 Nb4 40. Ne5 Kf8
41. Nd3 Nc2 42. Kd5 a5 43. Kc4 a4 44. Kc3 a3 45. Nc1 Nd4 46. bxa3 Nf3 47. h3 Ng1
48. h4 gxh4 49. gxh4 Nf3 50. h5 Nh2 51. Nd3 Ke7 52. Ne5 Kf6 53. Kd4 Nf1 54. Nf3
Kf5 55. Kd3 1-0

[Event "TCh-RUS HL 2022"]
[Site "Sochi RUS"]
[Date "2022.05.10"]
[Round "9.4"]
[Board "2"]
[White "Mutovin, Egor"]
[Black "Baigildin, Albert"]
[Result "0-1"]
[WhiteElo "2171"]
[BlackElo "2301"]
[WhiteTeam "ChESSPSh_RU - Polina (g. Moskva)"]
[BlackTeam "Yuzhnyy Ural - 2 (Chelyabinskaya oblast)"]
[WhiteFideId "54114861"]
[BlackFideId "4131541"]
[EventDate "2022.05.01"]

1. d4 Nf6 2. c4 b6 3. Nc3 Bb7 4. d5 e6 5. a3 Bd6 6. g3 exd5 7. cxd5 O-O 8. Bg2
Re8 9. Nf3 c6 10. Nd4 Nxd5 11. Nf5 Nxc3 12. Qxd6 Rxe2+ 13. Kf1 Re6 14. bxc3 Ba6+
15. Kg1 Rxd6 16. Nxd6 Qe7 17. Bf4 g5 18. Nf5 Qf6 19. Re1 Qxf5 20. Re8+ Kg7 21.
Be4 Qh3 22. Bg2 Qh5 23. g4 Qxg4 24. Be5+ f6 25. f3 Qf5 26. Re7+ Kf8 27. Bd6 Qd5
28. Re6+ Kf7 29. Re7+ Kg6 0-1

[Event "TCh-RUS HL 2022"]
[Site "Sochi RUS"]
[Date "2022.05.10"]
[Round "9.4"]
[Board "3"]
[White "Yumakhuzhin, Vadim"]
[Black "Kopylov, Artem"]
[Result "1-0"]
[WhiteElo "2077"]
[BlackElo "2123"]
[WhiteTeam "Yuzhnyy Ural - 2 (Chelyabinskaya oblast)"]
[BlackTeam "ChESSPSh_RU - Polina (g. Moskva)"]
[WhiteFideId "4113241"]
[BlackFideId "44139365"]
[EventDate "2022.05.01"]

1. e4 e5 2. Nf3 Nc6 3. Bb5 a6 4. Ba4 Nf6 5. O-O b5 6. Bb3 Bb7 7. d3 Be7 8. c4
bxc4 9. Bxc4 O-O 10. Nc3 d6 11. a3 Nd4 12. Nxd4 exd4 13. Nd5 Nxd5 14. exd5 Bf6
15. Qf3 Qd7 16. Bd2 Rfe8 17. Rfc1 Re5 18. Bf4 Re7 19. Re1 Rae8 20. Kf1 Qf5 21.
Rxe7 Rxe7 22. g4 Qd7 23. Re1 Be5 24. Bg3 Bxg3 25. Rxe7 Qxe7 26. hxg3 g5 27. Qe4
Qe5 28. f4 gxf4 29. gxf4 Qf6 30. g5 Qd8 31. Qxd4 Qd7 32. Ke1 c6 33. Kd2 Qc7 34.
b4 a5 35. Qa7 axb4 36. axb4 Qc8 37. dxc6 Qxc6 38. Qd4 Qa4 39. Qxd6 Bc8 1-0

[Event "TCh-RUS HL 2022"]
[Site "Sochi RUS"]
[Date "2022.05.10"]
[Round "9.4"]
[Board "4"]
[White "Yarikov, Artem"]
[Black "Safin, Timur"]
[Result "0-1"]
[WhiteElo "1995"]
[BlackElo "2203"]
[WhiteTeam "ChESSPSh_RU - Polina (g. Moskva)"]
[BlackTeam "Yuzhnyy Ural - 2 (Chelyabinskaya oblast)"]
[WhiteFideId "24218103"]
[BlackFideId "34134937"]
[EventDate "2022.05.01"]

1. d4 Nf6 2. c4 e6 3. Nf3 d5 4. Nc3 Bb4 5. Qa4+ Nc6 6. e3 O-O 7. Bd2 Re8 8. Qc2
a6 9. a3 Bd6 10. Rd1 h6 11. h3 Bd7 12. Bd3 e5 13. dxe5 Nxe5 14. Nxe5 Rxe5 15.
cxd5 Nxd5 16. Nxd5 Rxd5 17. e4 Rc5 18. Qb1 Be5 19. Rc1 Rxc1+ 20. Qxc1 Bc6 21.
Ke2 Qf6 22. Bc3 Bxc3 23. Qxc3 Qxc3 24. bxc3 Re8 25. Ke3 Re5 26. Rb1 Ra5 27. Rb3
b6 28. f3 Kf8 29. c4 Ke7 30. Kd4 g5 31. Rc3 Kd6 32. g3 Bd7 33. Bf1 Be6 34. f4 f6
35. Bg2 Rc5 36. Bf1 Ra5 37. Bg2 Ra4 38. h4 b5 39. e5+ fxe5+ 40. fxe5+ Kd7 41.
hxg5 hxg5 42. Bf1 Bxc4 43. Bxc4 Rxc4+ 44. Rxc4 bxc4 45. Kxc4 Ke6 46. Kd4 g4 47.
a4 a5 48. Kc5 Kxe5 49. Kb5 Kd4 50. Kxa5 c5 51. Kb5 c4 52. a5 c3 53. a6 c2 54. a7
c1=Q 55. a8=Q Qc5+ 56. Ka4 Qc4+ 57. Ka3 Qc3+ 58. Ka2 Qxg3 59. Qa4+ Ke3 60. Qb3+
Kf2 61. Qc2+ Kg1 62. Qc1+ Kh2 63. Qh6+ Qh3 64. Qf4+ g3 65. Kb1 Qg2 66. Qe5 Qd2
67. Qh5+ Kg1 68. Qc5+ Qf2 69. Qh5 g2 70. Kc1 Qd4 71. Qf3 Kh2 72. Qh5+ Kg3 73.
Qg5+ Kf3 74. Qh5+ Qg4 75. Qd5+ Qe4 76. Qh5+ Kf2 77. Qf7+ Ke1 78. Qa7 Qf4+ 79.
Kb1 Qf1 80. Qe3+ Kd1 81. Qd4+ Ke2+ 82. Kc2 g1=Q 83. Qc4+ Kf2 84. Qd4+ Kg2 0-1